[Event "OLBA 2122 SC Brombach - SK Ettlingen"]
[Site "?"]
[Date "2022.03.20"]
[Round "9.8"]
[White "Schwierskott, Marc"]
[Black "Fucik, Timo"]
[Result "0-1"]
[WhiteElo "2137"]
[BlackElo "1979"]
[PlyCount "114"]
[EventDate "2022.??.??"]

1. g3 d5 2. Bg2 c6 3. d3 e5 4. Nf3 Bd6 5. e4 Nf6 6. Nc3 dxe4 7. Nxe4 Nxe4 8.
dxe4 O-O 9. O-O Bg4 10. c3 Qe7 11. Qe2 Nd7 12. h3 Bh5 13. g4 Bg6 14. Nd2 Bc7
15. b3 Rfd8 16. Nc4 Nb6 17. Ne3 Rd7 18. Nf5 Bxf5 19. gxf5 Rad8 20. Be3 Nc8 21.
Rfd1 Bb6 22. Bxb6 Nxb6 23. Rxd7 Rxd7 24. Rd1 Kf8 25. Qh5 h6 26. h4 Rxd1+ 27.
Qxd1 Qd7 28. Qe2 Qd8 29. Qh5 Nd7 30. Qd1 Ke7 31. Bf1 Nc5 32. Qxd8+ Kxd8 33. f3
g6 34. b4 Na4 35. fxg6 fxg6 36. c4 Nc3 37. a3 Nb1 38. a4 Nc3 39. a5 b5 40. axb6
axb6 41. Kf2 Na2 42. b5 c5 43. Kg3 Ke7 44. f4 Kf6 45. Kg4 Nc3 46. Bd3 exf4 47.
Kxf4 g5+ 48. hxg5+ hxg5+ 49. Kg4 Ke5 50. Kxg5 Nxe4+ 51. Kg6 Nd6 52. Be2 Kd4 53.
Kf6 Nxc4 54. Ke6 Nb2 55. Kd6 c4 56. Kc6 c3 57. Kxb6 c2 0-1

[Event "OLBA 2122 SF Bad Mergentheim - SC Unter"]
[Site "?"]
[Date "2022.03.20"]
[Round "9.1"]
[White "Podat, Vladimir"]
[Black "Ikonnikov, Vyacheslav"]
[Result "0-1"]
[WhiteElo "2266"]
[BlackElo "2488"]
[PlyCount "48"]
[EventDate "2022.??.??"]

1. d4 Nf6 2. c4 e6 3. Nc3 Bb4 4. Qc2 d6 5. Nf3 Nbd7 6. Bd2 e5 7. dxe5 dxe5 8.
g4 h6 9. Rg1 Qe7 10. O-O-O c6 11. h4 Nc5 12. g5 Ng4 13. Be1 a5 14. Nd2 hxg5 15.
Nde4 Nxe4 16. Nxe4 Bxe1 17. Nd6+ Kf8 18. Nxc8 Rxc8 19. Qf5 Rd8 20. Rxg4 Rxd1+
21. Kxd1 g6 22. Qxg5 Bxf2 23. Qxe7+ Kxe7 24. Bg2 Bxh4 0-1

[Event "OLBA 2122 SF Bad Mergentheim - SC Unter"]
[Site "?"]
[Date "2022.03.20"]
[Round "9.2"]
[White "Rakotomaharo, Fy Antenaina"]
[Black "Fuchs, Heinz"]
[Result "1/2-1/2"]
[WhiteElo "2471"]
[BlackElo "2242"]
[PlyCount "74"]
[EventDate "2022.??.??"]

1. e4 c5 2. Nf3 e6 3. d4 cxd4 4. Nxd4 Nc6 5. Nc3 Qc7 6. g3 a6 7. Bg2 Nf6 8. O-O
Be7 9. Re1 O-O 10. Nxc6 bxc6 11. e5 Nd5 12. Ne4 Qxe5 13. c4 Nf6 14. Bf4 Qxb2
15. Nd6 Qa3 16. Re3 Qc5 17. Rd3 Ne8 18. Nxc8 Rxc8 19. Rxd7 Bg5 20. Bxg5 Qxg5
21. Qa4 Nf6 22. Ra7 Qc5 23. Rxa6 Ng4 24. Rf1 Ne5 25. Re1 Nd3 26. Re2 Nb4 27.
Ra5 Qxc4 28. Bf1 Qc3 29. a3 Nd5 30. Rc2 Qe1 31. Rac5 Ra8 32. Qb3 Rad8 33. Qc4
Ne7 34. Rc1 Qd2 35. Rc2 Qd1 36. Rc1 Qd2 37. Rc2 Qd1 1/2-1/2

[Event "OLBA 2122 SF Bad Mergentheim - SC Unter"]
[Site "?"]
[Date "2022.03.20"]
[Round "9.3"]
[White "Schneider, Bernd"]
[Black "Razafindratsima, Timothe"]
[Result "0-1"]
[WhiteElo "2230"]
[BlackElo "2397"]
[PlyCount "92"]
[EventDate "2022.??.??"]

1. e4 c5 2. Nf3 d6 3. c4 Nf6 4. Nc3 e5 5. Be2 Nc6 6. d3 Be7 7. O-O O-O 8. Nd5
Nxd5 9. cxd5 Nb8 10. Bd2 b5 11. a4 b4 12. Be1 h5 13. Nd2 g6 14. Nc4 Bg5 15. g3
Bh3 16. Bd2 Bxd2 17. Qxd2 Bxf1 18. Bxf1 Qe7 19. Qh6 Nd7 20. Bh3 Nb6 21. Ne3
Rfd8 22. a5 Nd7 23. Rf1 Qf8 24. Qg5 Qg7 25. Nc4 Nf8 26. f4 Nh7 27. Qe7 exf4 28.
Rxf4 f6 29. Qe6+ Kh8 30. Bf1 Qd7 31. h4 Kg7 32. Bh3 Qf7 33. Qxf7+ Kxf7 34. e5
dxe5 35. Nxe5+ Kg7 36. Nd7 Nf8 37. Nxf8 Rxf8 38. Rc4 f5 39. Rxc5 Rac8 40. d4
Kf6 41. Kf2 Rxc5 42. dxc5 Rc8 43. c6 Ke5 44. Bg2 Kd6 45. Ke3 Re8+ 46. Kd3 Re1
0-1

[Event "OLBA 2122 SF Bad Mergentheim - SC Unter"]
[Site "?"]
[Date "2022.03.20"]
[Round "9.4"]
[White "Gasthofer, Alexander"]
[Black "Kountz, Jochen"]
[Result "1/2-1/2"]
[WhiteElo "2422"]
[BlackElo "2290"]
[PlyCount "25"]
[EventDate "2022.??.??"]

1. Nf3 c5 2. c4 g6 3. g3 Bg7 4. Bg2 d6 5. Nc3 Nc6 6. a3 Bg4 7. b4 Qd7 8. Rb1
Rc8 9. O-O Nf6 10. d3 b6 11. Nd5 Nxd5 12. cxd5 Nd4 13. Nxd4 1/2-1/2

[Event "OLBA 2122 SF Bad Mergentheim - SC Unter"]
[Site "?"]
[Date "2022.03.20"]
[Round "9.6"]
[White "Pfleger, Michael"]
[Black "Krieger, Markus"]
[Result "0-1"]
[WhiteElo "2173"]
[BlackElo "2103"]
[PlyCount "116"]
[EventDate "2022.??.??"]

1. e4 e5 2. g3 Nf6 3. Bg2 Bc5 4. c3 Nc6 5. b4 Bb6 6. b5 Ne7 7. d4 d6 8. a4 a6
9. bxa6 Rxa6 10. Ne2 O-O 11. O-O Bg4 12. f3 Bd7 13. Kh1 Qa8 14. Bg5 Bxa4 15.
Rxa4 Rxa4 16. Bh3 Ra2 17. f4 Qa6 18. Nc1 Rb2 19. Nd3 Rxb1 20. Qxb1 exd4 21. Nb4
Qc4 22. cxd4 Qxd4 23. Rd1 Qxe4+ 24. Qxe4 Nxe4 25. Re1 Nxg5 26. fxg5 Ng6 27. Nd5
Bf2 28. Re2 c6 29. Rxf2 cxd5 30. Rb2 Rb8 31. Rb6 Kf8 32. Rxd6 Ne7 33. Rb6 Ke8
34. Bg4 Nc8 35. Rb5 Ne7 36. Rb6 Nc8 37. Rb5 Ke7 38. Rxd5 Nd6 39. Re5+ Kd8 40.
Rd5 Kc7 41. Rc5+ Kb6 42. Rd5 Kc6 43. Bf3 b5 44. Rd4+ Kc7 45. Bd1 Re8 46. Bf3
Re5 47. h4 Nf5 48. Rg4 Kd6 49. Kh2 Kc5 50. Be4 b4 51. Rf4 g6 52. g4 Nd6 53. Bg2
b3 54. Rf2 Kb4 55. Rd2 Nc4 56. Rd5 Rxd5 57. Bxd5 b2 58. Be4 Nd2 0-1

[Event "OLBA 2122 SF Bad Mergentheim - SC Unter"]
[Site "?"]
[Date "2022.03.20"]
[Round "9.7"]
[White "Nied, Pascal"]
[Black "Raps, Johannes"]
[Result "1/2-1/2"]
[WhiteElo "1981"]
[BlackElo "2118"]
[PlyCount "131"]
[EventDate "2022.??.??"]

1. e4 e6 2. d4 d5 3. Nd2 c5 4. exd5 Qxd5 5. Ngf3 cxd4 6. Bc4 Qd8 7. O-O Nf6 8.
Nb3 Nc6 9. Nbxd4 Nxd4 10. Nxd4 a6 11. Re1 Be7 12. Bf4 O-O 13. c3 Qb6 14. Qe2
Bd7 15. Rad1 Rfd8 16. Rd2 Rac8 17. Bb3 a5 18. a4 Bc5 19. Bc2 Kh8 20. Be5 Be7
21. Qd3 g6 22. Qf3 Kg7 23. g4 h6 24. h4 Rc5 25. g5 hxg5 26. hxg5 Rxe5 27. Rxe5
Nh7 28. Qe3 Qxb2 29. Bb3 Qa1+ 30. Rd1 Qb2 31. Rxa5 Rc8 32. Qd2 Qxd2 33. Rxd2
Rxc3 34. Bd1 Bxg5 35. Nf5+ gxf5 36. Rxd7 Nf6 37. Rd4 Ne4 38. Rb5 Bh4 39. Rb2
Rc1 40. Re2 e5 41. Rd7 Nc5 42. Rd5 Nxa4 43. Rc2 Rb1 44. Kg2 Nb6 45. Rd6 Be7 46.
Rd3 e4 47. Rd4 Bf6 48. Rd6 Be5 49. Rd8 f4 50. Kh3 Na4 51. Rc4 Nc3 52. Bc2 Re1
53. Re8 b5 54. Rxc3 Bxc3 55. Rxe4 Rxe4 56. Bxe4 Kf6 57. Bd5 Ke5 58. Bxf7 Ke4
59. Kg2 Kd3 60. Kf3 Be5 61. Bg6+ Kd2 62. Ke4 Bd6 63. Kd5 Be7 64. Ke4 Bg5 65.
Kd4 f3 66. Kc5 1/2-1/2

[Event "OLBA 2122 SF Bad Mergentheim - SC Unter"]
[Site "?"]
[Date "2022.03.20"]
[Round "9.8"]
[White "Kistner, Klaus"]
[Black "Hayen, Andre"]
[Result "1-0"]
[WhiteElo "2156"]
[BlackElo "1579"]
[PlyCount "131"]
[EventDate "2022.??.??"]

1. Nf3 Nf6 2. g3 d5 3. Bg2 e6 4. O-O Be7 5. c4 c6 6. b3 Nbd7 7. d4 b6 8. Nbd2
Bb7 9. Qc2 O-O 10. Bb2 Rc8 11. Rfd1 Qc7 12. Rac1 Qb8 13. e4 dxe4 14. Nxe4 Nxe4
15. Qxe4 c5 16. d5 Bf6 17. Qe2 exd5 18. cxd5 Rfe8 19. Qc2 Qa8 20. Nh4 Rcd8 21.
Nf5 Bxb2 22. Qxb2 Nf6 23. Qd2 h6 24. Qf4 Bxd5 25. Bxd5 Rxd5 26. Nxh6+ Kf8 27.
Rxd5 Qxd5 28. Nf5 Re4 29. Qd6+ Qxd6 30. Nxd6 Re2 31. a4 Ne4 32. Kf1 Rxf2+ 33.
Ke1 Nxd6 34. Kxf2 Nf5 35. Rc4 Nd6 36. Rc2 Nf5 37. Rc4 Nd6 38. Rf4 g5 39. Rf3 a6
40. h4 gxh4 41. gxh4 b5 42. Ke2 c4 43. bxc4 Nxc4 44. Rf4 Ke7 45. h5 Kf8 46. Kf3
Kg7 47. Kg4 Ne3+ 48. Kg5 Nd5 49. h6+ Kg8 50. Rd4 Nc7 51. Kf6 Ne6 52. Rh4 bxa4
53. Rxa4 Kh7 54. Rxa6 Nc5 55. Rc6 Nd7+ 56. Kf5 Nf8 57. Rf6 Kg8 58. Kg4 Nd7 59.
Rd6 Ne5+ 60. Kg5 Kh7 61. Rf6 Kg8 62. Kf5 Nc4 63. Ke4 Na5 64. Kd4 Nb7 65. h7+
Kg7 66. Rxf7+ 1-0

[Event "OLBA 2122 SC Emmendingen - BG Buchen"]
[Site "?"]
[Date "2022.04.09"]
[Round "10.1"]
[White "Stojanovic, Mihajlo"]
[Black "Korpa, Bence"]
[Result "1/2-1/2"]
[WhiteElo "2502"]
[BlackElo "2536"]
[PlyCount "27"]
[EventDate "2022.??.??"]

1. Nf3 d5 2. d4 e6 3. c4 a6 4. cxd5 exd5 5. Nc3 Nf6 6. Bg5 Be6 7. e3 Nbd7 8.
Bd3 h6 9. Bh4 g5 10. Bg3 Nh5 11. Be5 Nhf6 12. Bg3 Nh5 13. Be5 Nhf6 14. Bg3
1/2-1/2

[Event "OLBA 2122 SC Emmendingen - BG Buchen"]
[Site "?"]
[Date "2022.04.09"]
[Round "10.2"]
[White "Lodici, Lorenzo"]
[Black "Galyas, Miklos"]
[Result "1-0"]
[WhiteElo "2545"]
[BlackElo "2467"]
[PlyCount "79"]
[EventDate "2022.??.??"]

1. e4 g6 2. d4 Bg7 3. Nc3 c6 4. f4 d5 5. e5 Nh6 6. Bd3 f6 7. Nf3 Bg4 8. O-O O-O
9. h3 Bxf3 10. Rxf3 e6 11. exf6 Qxf6 12. Ne2 Nf5 13. c3 Nd7 14. g4 Nd6 15. Rf1
Rf7 16. Kg2 Qe7 17. Be3 Nc4 18. Bxc4 dxc4 19. Ng3 Nb6 20. Qe2 Nd5 21. Rae1 b5
22. Bd2 Re8 23. Rf3 Rff8 24. Ne4 Bh6 25. Qf2 Qc7 26. Rf1 Rf7 27. h4 Ref8 28. g5
Bg7 29. h5 e5 30. hxg6 Nxf4+ 31. Bxf4 Rxf4 32. gxh7+ Kh8 33. Qg3 Rxf3 34. Rxf3
Rxf3 35. Qxf3 Kxh7 36. Qh5+ Kg8 37. Qe8+ Kh7 38. Ng3 Qd6 39. Nh5 Qd5+ 40. Kh2
1-0

[Event "OLBA 2122 SC Emmendingen - BG Buchen"]
[Site "?"]
[Date "2022.04.09"]
[Round "10.3"]
[White "Eisenbeiser, Amadeus"]
[Black "Sokolov, Andrei"]
[Result "1/2-1/2"]
[WhiteElo "2389"]
[BlackElo "2473"]
[PlyCount "45"]
[EventDate "2022.??.??"]

1. e4 c5 2. Nf3 e6 3. c4 Nc6 4. d4 cxd4 5. Nxd4 Nf6 6. Nc3 Bb4 7. Nxc6 bxc6 8.
Bd3 e5 9. O-O O-O 10. Qc2 d6 11. Rb1 Be6 12. h3 Nd7 13. Na4 Bc5 14. Nxc5 Nxc5
15. Rd1 Nxd3 16. Qxd3 Qa5 17. a3 Rfd8 18. b4 Qa4 19. Bb2 f6 20. Rd2 a5 21. Bc3
axb4 22. axb4 Qa6 23. Ra1 1/2-1/2

[Event "OLBA 2122 SC Emmendingen - BG Buchen"]
[Site "?"]
[Date "2022.04.09"]
[Round "10.4"]
[White "Miezis, Normunds"]
[Black "Miltner, Arndt"]
[Result "1-0"]
[WhiteElo "2445"]
[BlackElo "2261"]
[PlyCount "71"]
[EventDate "2022.??.??"]

1. c4 e5 2. Nc3 d6 3. g3 g6 4. d4 Nd7 5. Bg2 Bg7 6. Nf3 Ne7 7. e3 O-O 8. O-O h6
9. b3 exd4 10. Nxd4 Ne5 11. Bb2 N7c6 12. Nd5 Nxd4 13. exd4 Nc6 14. Re1 Bd7 15.
Qd2 Kh7 16. b4 a6 17. a4 Na7 18. Nf4 Rb8 19. d5 Bxb2 20. Qxb2 Nc8 21. Be4 Kg8
22. Re3 Qg5 23. Bd3 h5 24. h4 Qh6 25. Rae1 Qg7 26. Qc2 Qf6 27. c5 c6 28. a5 Na7
29. Qc4 Kh8 30. Rf3 cxd5 31. Qc1 Qg7 32. Re7 Bg4 33. Nxg6+ fxg6 34. Rxg7 Kxg7
35. Qb2+ Kh7 36. Rf6 1-0

[Event "OLBA 2122 SC Emmendingen - BG Buchen"]
[Site "?"]
[Date "2022.04.09"]
[Round "10.5"]
[White "Hajnal, Zoltan"]
[Black "Weidemann, Joerg"]
[Result "1-0"]
[WhiteElo "2383"]
[BlackElo "2317"]
[PlyCount "75"]
[EventDate "2022.??.??"]

1. e4 e6 2. d4 d5 3. Nc3 dxe4 4. Nxe4 Nd7 5. Bd3 Ngf6 6. Qe2 Nxe4 7. Bxe4 c6 8.
Nf3 Be7 9. Bd2 Nf6 10. Bd3 a5 11. O-O-O a4 12. a3 O-O 13. c3 b5 14. Ne5 Bb7 15.
Kb1 Qd5 16. Bc1 c5 17. dxc5 Qxc5 18. f4 Qb6 19. Rhe1 Bd5 20. g4 Bd6 21. Be3 Qb7
22. Bd4 Rfd8 23. g5 Bxe5 24. Qxe5 Ne8 25. f5 Ra6 26. fxe6 fxe6 27. Re3 Nd6 28.
Rh3 Nf5 29. Re1 Rf8 30. g6 hxg6 31. Rg1 Bg2 32. Rg3 Nxg3 33. hxg3 Rf5 34. Bxf5
Bd5 35. Bxg6 b4 36. cxb4 Rc6 37. Qh5 e5 38. Qh7+ 1-0

[Event "OLBA 2122 SC Emmendingen - BG Buchen"]
[Site "?"]
[Date "2022.04.09"]
[Round "10.6"]
[White "Bauer, Andreas"]
[Black "Junesch, Gerhard"]
[Result "1-0"]
[WhiteElo "2273"]
[BlackElo "2286"]
[PlyCount "139"]
[EventDate "2022.??.??"]

1. d4 d5 2. Bf4 c5 3. e3 cxd4 4. exd4 Nc6 5. c3 Bf5 6. Qb3 Qd7 7. Nf3 e6 8.
Nbd2 Nge7 9. Nh4 Ng6 10. Nxf5 Nxf4 11. Ne3 Bd6 12. g3 Ng6 13. Bh3 Nge7 14. O-O
f5 15. Nf3 O-O 16. c4 Na5 17. Qd3 Nxc4 18. Nxc4 dxc4 19. Qxc4 Nd5 20. Rfe1 Rae8
21. Ne5 Bxe5 22. Rxe5 Nb6 23. Qe2 g6 24. Rd1 Kf7 25. Qe3 Rd8 26. Qh6 Kg8 27.
Bg2 Qf7 28. h4 Rd6 29. h5 Rfd8 30. Rde1 Rxd4 31. Rxe6 Rd1 32. Kh2 Rxe1 33. Rxe1
Re8 34. hxg6 hxg6 35. Rxe8+ Qxe8 36. Bxb7 Kf7 37. Bf3 Qa4 38. Qh7+ Kf6 39. Qh8+
Kf7 40. Qh7+ Kf6 41. Qg8 Qb4 42. Kg2 Qe7 43. Qh8+ Ke6 44. Qd4 Qc7 45. Bd1 Qe5
46. Bb3+ Kf6 47. Qd8+ Qe7 48. Qh8+ Qg7 49. Qxg7+ Kxg7 50. Kf3 Kf6 51. Ke3 Ke7
52. Kd4 Kd6 53. f4 Nd7 54. Bf7 Nf8 55. Kc4 Ke7 56. Bg8 Nd7 57. Bd5 Nf6 58. Bf3
Kd6 59. Kb5 Kc7 60. Kc5 Kd7 61. b4 Kc7 62. a3 Kd7 63. a4 Kc7 64. Kb5 Ne8 65. a5
Nf6 66. Ka6 Kb8 67. b5 Ne4 68. b6 axb6 69. Kxb6 Nxg3 70. Bc6 1-0

[Event "OLBA 2122 SC Emmendingen - BG Buchen"]
[Site "?"]
[Date "2022.04.09"]
[Round "10.7"]
[White "Mede, Istvan"]
[Black "Kiefer, Gerhard"]
[Result "0-1"]
[WhiteElo "2242"]
[BlackElo "2227"]
[PlyCount "48"]
[EventDate "2022.??.??"]

1. d4 Nf6 2. c4 g6 3. Nc3 Bg7 4. e4 d6 5. f4 O-O 6. Nf3 c5 7. d5 e6 8. Be2 exd5
9. cxd5 Re8 10. e5 dxe5 11. fxe5 Ng4 12. e6 fxe6 13. Bg5 Qb6 14. Qd2 Bxc3 15.
bxc3 exd5 16. O-O c4+ 17. Nd4 Nc6 18. Qf4 Bf5 19. Rab1 Nxd4 20. cxd4 Bxb1 21.
Bxg4 Bf5 22. Bxf5 gxf5 23. g4 Re4 24. Qxf5 Qe6 0-1

[Event "OLBA 2122 SC Emmendingen - BG Buchen"]
[Site "?"]
[Date "2022.04.09"]
[Round "10.8"]
[White "Vatter, Hans-Joachim"]
[Black "Greis, Bernhard"]
[Result "1/2-1/2"]
[WhiteElo "2222"]
[BlackElo "2032"]
[PlyCount "82"]
[EventDate "2022.??.??"]

1. e4 c5 2. Nf3 g6 3. c3 Nf6 4. e5 Nd5 5. d4 cxd4 6. cxd4 d6 7. Nc3 Nxc3 8.
bxc3 Bg7 9. Bf4 O-O 10. Be2 Nc6 11. exd6 exd6 12. O-O Bf5 13. Qd2 Re8 14. Rfe1
d5 15. h3 Qa5 16. Qb2 Re7 17. Bb5 Qb6 18. Rxe7 Nxe7 19. Qe2 Nc6 20. Re1 Bd7 21.
Bd3 Qd8 22. Qd2 Qf8 23. Ne5 Nxe5 24. Bxe5 Re8 25. Bxg7 Kxg7 26. Rxe8 Qxe8 27.
Qe3 Qe6 28. Qxe6 Bxe6 29. f4 h6 30. h4 f6 31. Kf2 g5 32. g3 Kf8 33. Kf3 Kg7 34.
Ke3 Kf8 35. Be2 Ke7 36. Bf3 Kd6 37. a3 b6 38. Bh5 Bf5 39. Bf3 Be6 40. Be2 Kc6
41. Bd3 Kd6 1/2-1/2

[Event "OLBA 2122 SC Brombach - SF Bad Mergenth"]
[Site "?"]
[Date "2022.04.09"]
[Round "10.1"]
[White "Ikonnikov, Vyacheslav"]
[Black "Georgiadis, Ioannis"]
[Result "1/2-1/2"]
[WhiteElo "2493"]
[BlackElo "2467"]
[PlyCount "91"]
[EventDate "2022.??.??"]

1. d4 Nf6 2. Nf3 e6 3. c4 b6 4. g3 Bb7 5. Bg2 Bb4+ 6. Bd2 c5 7. Bxb4 cxb4 8. a3
bxa3 9. Nxa3 O-O 10. O-O a5 11. Re1 Na6 12. Rc1 Rc8 13. Qb3 Nb4 14. Nc2 Nxc2
15. Rxc2 Qc7 16. Rec1 Be4 17. Rc3 Qb7 18. Ne1 Bxg2 19. Nxg2 Rc7 20. f3 Qa7 21.
Ne3 h6 22. Kg2 Rfc8 23. Qb5 Ne8 24. g4 Rc6 25. Qe5 Qc7 26. Qxc7 Nxc7 27. d5 Rc5
28. dxe6 dxe6 29. Rd1 b5 30. Ra1 bxc4 31. Rxc4 Nd5 32. Nxd5 Rxc4 33. Ne7+ Kf8
34. Nxc8 Rxc8 35. Rxa5 Rc2 36. Ra8+ Ke7 37. Ra7+ Kf6 38. Rb7 Rxe2+ 39. Kg3 g5
40. h4 Kg6 41. hxg5 hxg5 42. Rb6 Kf6 43. Rb5 Kg6 44. Rb6 Kf6 45. Rb5 Kg6 46.
Rb6 1/2-1/2

[Event "OLBA 2122 SC Brombach - SF Bad Mergenth"]
[Site "?"]
[Date "2022.04.09"]
[Round "10.2"]
[White "Brunner, Nicolas"]
[Black "Rakotomaharo, Fy Antenaina"]
[Result "1-0"]
[WhiteElo "2439"]
[BlackElo "2475"]
[PlyCount "113"]
[EventDate "2022.??.??"]

1. d4 Nf6 2. c4 e6 3. Nf3 d5 4. Nc3 dxc4 5. e4 b5 6. e5 Nd5 7. Nxb5 Nb6 8. Be2
Nc6 9. Be3 Be7 10. a3 Rb8 11. Nc3 Bb7 12. Qc2 Qd7 13. Rd1 Na5 14. h4 Nd5 15.
Bd2 Nb3 16. Bxc4 Nxd2 17. Qxd2 Nxc3 18. Qxc3 O-O 19. b4 Qa4 20. O-O Bxf3 21.
Qxf3 a5 22. d5 exd5 23. Qxd5 axb4 24. Qd7 Qxd7 25. Rxd7 Bc5 26. axb4 Rxb4 27.
Rc1 Bb6 28. Rc2 g6 29. g3 Rb1+ 30. Kg2 Re1 31. f4 Re4 32. Ba2 h5 33. Kh3 Ra4
34. Bd5 Rd4 35. Rc6 Kg7 36. Rf6 Rd2 37. Rfxf7+ Rxf7 38. Rxf7+ Kh6 39. Be4 Re2
40. Bf3 Re3 41. Kg2 Re1 42. Re7 Rg1+ 43. Kh2 Bf2 44. Bd5 Bc5 45. Rxc7 Rc1 46.
Kh3 Be3 47. Re7 Rc8 48. Be4 Rb8 49. Re6 Rb6 50. Re7 Bc5 51. Rc7 Bd4 52. Rd7 Bf2
53. f5 Rb4 54. Bd3 Rd4 55. e6 Rxd7 56. exd7 Bb6 57. f6 1-0

[Event "OLBA 2122 SC Brombach - SF Bad Mergenth"]
[Site "?"]
[Date "2022.04.09"]
[Round "10.3"]
[White "Neuman, Petr"]
[Black "Haag, Gregor"]
[Result "1/2-1/2"]
[WhiteElo "2386"]
[BlackElo "2374"]
[PlyCount "97"]
[EventDate "2022.??.??"]

1. e4 c5 2. Nf3 e6 3. b3 b6 4. c4 Bb7 5. Nc3 Nc6 6. Bd3 g6 7. Nb5 d6 8. Bb2 e5
9. Nc3 Bg7 10. Nd5 Nge7 11. h4 h5 12. Ng5 Nd4 13. Bxd4 exd4 14. Qf3 O-O 15. g4
Nc6 16. gxh5 Ne5 17. Qg3 Bxd5 18. exd5 Qf6 19. Be4 Rae8 20. f4 Qxf4 21. Qxf4
Nd3+ 22. Kd1 Nxf4 23. hxg6 d3 24. gxf7+ Rxf7 25. Bh7+ Kh8 26. Nxf7+ Kxh7 27.
Rf1 Ng2 28. Rb1 Re2 29. Kc1 Bc3 30. Rb2 Ne3 31. Rg1 Bxb2+ 32. Kxb2 Rxd2+ 33.
Kc3 Rxa2 34. Kxd3 Nf5 35. h5 Rf2 36. Ng5+ Kh6 37. Ke4 Nd4 38. Ne6 Nxb3 39. Nf4
Nd2+ 40. Kf5 Nxc4 41. Rg6+ Kh7 42. Rf6 a5 43. Rf7+ Kg8 44. Rb7 Ne5 45. Kg5 Nf7+
46. Kg6 Ne5+ 47. Kg5 Nf7+ 48. Kg6 Ne5+ 49. Kg5 1/2-1/2

[Event "OLBA 2122 SC Brombach - SF Bad Mergenth"]
[Site "?"]
[Date "2022.04.09"]
[Round "10.4"]
[White "Schweizer, Simon"]
[Black "Gasthofer, Alexander"]
[Result "1/2-1/2"]
[WhiteElo "2177"]
[BlackElo "2422"]
[PlyCount "84"]
[EventDate "2022.??.??"]

1. e4 d6 2. d4 Nf6 3. Nc3 e5 4. Nf3 Nbd7 5. Bc4 Be7 6. O-O O-O 7. Re1 c6 8. a4
a5 9. h3 Ne8 10. Be3 Nc7 11. Qe2 Bf6 12. d5 Na6 13. Rad1 Be7 14. Rd2 h6 15.
Red1 Qc7 16. b3 Nb6 17. Nh2 Kh7 18. f4 Nxc4 19. bxc4 exf4 20. Bxf4 Qb6+ 21. Qe3
Qxe3+ 22. Bxe3 Bf6 23. Bd4 Bxd4+ 24. Rxd4 cxd5 25. Rxd5 Nc5 26. Rxd6 Be6 27.
R1d4 Rfc8 28. Nf1 Ra6 29. Rxa6 bxa6 30. Ne3 Rb8 31. Rd1 Rb4 32. Rd6 Nxa4 33.
Nxa4 Rxa4 34. Rxa6 Bxc4 35. Nxc4 Rxc4 36. Rxa5 Rxc2 37. Re5 Kg6 38. Kh2 Kf6 39.
Rf5+ Ke6 40. Kg3 Rc3+ 41. Kf2 Rc2+ 42. Kf3 Rc3+ 1/2-1/2

[Event "OLBA 2122 SC Brombach - SF Bad Mergenth"]
[Site "?"]
[Date "2022.04.09"]
[Round "10.5"]
[White "Gasthofer, Viktor"]
[Black "Wirthensohn, Heinz"]
[Result "1/2-1/2"]
[WhiteElo "2303"]
[BlackElo "2289"]
[PlyCount "37"]
[EventDate "2022.??.??"]

1. c4 c5 2. Nf3 g6 3. d4 cxd4 4. Nxd4 Nc6 5. e4 Nf6 6. Nc3 d6 7. Be2 Nxd4 8.
Qxd4 Bg7 9. Be3 O-O 10. Qd2 Be6 11. Rc1 Qa5 12. f3 Rfc8 13. b3 a6 14. Nd5 Qxd2+
15. Kxd2 Nxd5 16. cxd5 Bd7 17. Rxc8+ Rxc8 18. Rc1 Rxc1 19. Kxc1 1/2-1/2

[Event "OLBA 2122 SC Brombach - SF Bad Mergenth"]
[Site "?"]
[Date "2022.04.09"]
[Round "10.6"]
[White "Paul, Mathias"]
[Black "Reinhardt, Bernd"]
[Result "0-1"]
[WhiteElo "2066"]
[BlackElo "2132"]
[PlyCount "57"]
[EventDate "2022.??.??"]

1. e4 d6 2. Nc3 g6 3. d4 Bg7 4. Be3 a6 5. Qd2 Nd7 6. f3 e5 7. d5 Bh6 8. O-O-O
Bxe3 9. Qxe3 Qe7 10. Nge2 Ngf6 11. g4 h5 12. g5 Nh7 13. h4 O-O 14. Ng3 f6 15.
gxf6 Qxf6 16. Nce2 Nb6 17. Rg1 Kh8 18. Qh6 Bd7 19. Kb1 Rg8 20. f4 Bg4 21. Bg2
Nc4 22. f5 gxf5 23. Qxf6+ Nxf6 24. exf5 Bxe2 25. Nxe2 Ne3 26. Bf3 Nxd1 27. Rxd1
Raf8 28. c3 Ng4 29. Be4 0-1

[Event "OLBA 2122 SC Brombach - SF Bad Mergenth"]
[Site "?"]
[Date "2022.04.09"]
[Round "10.7"]
[White "Bogdanovich, Grigory"]
[Black "Schwierskott, Marc"]
[Result "1/2-1/2"]
[WhiteElo "2305"]
[BlackElo "2144"]
[PlyCount "72"]
[EventDate "2022.??.??"]

1. d4 g6 2. Nf3 Bg7 3. Nc3 Nf6 4. e4 d6 5. h3 O-O 6. Be3 c6 7. a4 Nbd7 8. Be2
d5 9. e5 Ne8 10. O-O f6 11. exf6 exf6 12. Qd2 Rf7 13. Bh6 Nf8 14. Bxg7 Kxg7 15.
Rfe1 Nd6 16. Bd3 Bf5 17. Bxf5 Nxf5 18. Re2 Re7 19. Rae1 Rxe2 20. Nxe2 Nd6 21.
Nf4 Qd7 22. Qb4 a5 23. Qa3 Re8 24. Rxe8 Nxe8 25. Qc5 Qd6 26. Nd3 Qxc5 27. dxc5
Ne6 28. Nd2 N8c7 29. Nb3 Na6 30. Nxa5 Naxc5 31. Nxc5 Nxc5 32. b4 Nxa4 33. Nxb7
Kf8 34. Na5 c5 35. Nc6 cxb4 36. Nxb4 Nb6 1/2-1/2

[Event "OLBA 2122 SC Brombach - SF Bad Mergenth"]
[Site "?"]
[Date "2022.04.09"]
[Round "10.8"]
[White "Erismann, Peter"]
[Black "Kistner, Klaus"]
[Result "1/2-1/2"]
[WhiteElo "2039"]
[BlackElo "2156"]
[PlyCount "32"]
[EventDate "2022.??.??"]

1. e4 e6 2. d4 d5 3. exd5 exd5 4. Bd3 Nc6 5. c3 Bd6 6. Qf3 Nf6 7. Bg5 Bg4 8.
Qxg4 Nxg4 9. Bxd8 Rxd8 10. Nf3 O-O 11. O-O Rfe8 12. Nbd2 Re7 13. Rfe1 Rde8 14.
Nf1 g6 15. Rxe7 Rxe7 16. Re1 Rxe1 1/2-1/2

[Event "OLBA 2122 SK Ettlingen - SV Hockenheim"]
[Site "?"]
[Date "2022.04.09"]
[Round "10.1"]
[White "Baramidze, David"]
[Black "Rosner, Jonas"]
[Result "1/2-1/2"]
[WhiteElo "2601"]
[BlackElo "2466"]
[PlyCount "79"]
[EventDate "2022.??.??"]

1. e4 c6 2. Nc3 d5 3. Nf3 Bg4 4. h3 Bxf3 5. Qxf3 e6 6. d3 Nd7 7. Be2 Bc5 8. Qg3
Bd4 9. Be3 Bf6 10. d4 Ne7 11. e5 Nf5 12. Qf3 Nh4 13. Qg3 Nf5 14. Qf3 Nh4 15.
Qg4 h5 16. Qg3 Nf5 17. Qf4 g5 18. Qh2 Be7 19. Bd3 Qb6 20. O-O-O Nxd4 21. h4
gxh4 22. Qf4 c5 23. Bxd4 cxd4 24. Nb5 Rg8 25. Kb1 Nc5 26. Nxd4 a6 27. Be2 Bg5
28. Qf3 O-O-O 29. Qxf7 Rdf8 30. Qxh5 Ne4 31. Nxe6 Nc3+ 32. Ka1 Nxd1 33. Rxd1
Qxe6 34. Bg4 Rf5 35. f4 Kb8 36. Qh7 Rgf8 37. Bxf5 Qxf5 38. Qxf5 Rxf5 39. fxg5
Rxe5 40. g6 1/2-1/2

[Event "OLBA 2122 SK Ettlingen - SV Hockenheim"]
[Site "?"]
[Date "2022.04.09"]
[Round "10.2"]
[White "Arnold, Max"]
[Black "Buhmann, Rainer"]
[Result "0-1"]
[WhiteElo "2348"]
[BlackElo "2564"]
[PlyCount "84"]
[EventDate "2022.??.??"]

1. e4 e6 2. d4 d5 3. e5 c5 4. c3 Nc6 5. Nf3 Bd7 6. Bd3 cxd4 7. O-O dxc3 8. Nxc3
a6 9. Re1 Bc5 10. a3 Nge7 11. b4 Ba7 12. Bb2 Ng6 13. Rc1 O-O 14. Na4 Qe7 15.
Nc5 Bxc5 16. bxc5 Rfc8 17. h4 h6 18. h5 Nh4 19. Qd2 Be8 20. Bb1 Rab8 21. Qe3
Na5 22. Nd2 Qg5 23. f4 Qxh5 24. Qg3 Ng6 25. Nf3 Ne7 26. Qf2 Nc4 27. Nh2 Ng6 28.
Rc3 Qh4 29. g3 Qe7 30. Bc1 Qxc5 31. Be3 Qe7 32. Rec1 Bd7 33. Bd4 b6 34. Bd3
Nxa3 35. Bxa6 Rxc3 36. Rxc3 Nb5 37. Bxb5 Bxb5 38. Bxb6 Bc4 39. Rc1 Qa3 40. Rd1
Rxb6 41. Qxb6 Qxg3+ 42. Kh1 Bd3 0-1

[Event "OLBA 2122 SK Ettlingen - SV Hockenheim"]
[Site "?"]
[Date "2022.04.09"]
[Round "10.4"]
[White "Nippgen, Georg"]
[Black "Nekrasov, Mihail"]
[Result "1/2-1/2"]
[WhiteElo "2236"]
[BlackElo "2280"]
[PlyCount "62"]
[EventDate "2022.??.??"]

1. c4 e6 2. Nf3 d5 3. e3 Nf6 4. b3 Be7 5. Bb2 dxc4 6. bxc4 c5 7. Be2 O-O 8. O-O
b6 9. Ne5 Bb7 10. a4 Nc6 11. Nxc6 Bxc6 12. a5 Qd7 13. d3 Rfd8 14. Qc2 b5 15.
Nd2 Rab8 16. Rfc1 a6 17. cxb5 Bxb5 18. Be5 Rb7 19. Nc4 Nd5 20. Ra3 Nb4 21. Qd2
Bxc4 22. Rxc4 Nc6 23. Ba1 Rb1+ 24. Rc1 Rxc1+ 25. Qxc1 c4 26. Rc3 Nxa5 27. dxc4
Qd2 28. Bf3 Bf6 29. Rc2 Qxc1+ 30. Rxc1 Bxa1 31. Rxa1 Nxc4 1/2-1/2